Filipino 1 : komunikasyon sa akademikong Filipino / (Record no. 296)

MARC details
000 -LEADER
fixed length control field 00525nam a2200193 4500
003 - CONTROL NUMBER IDENTIFIER
control field OSt
005 - DATE AND TIME OF LATEST TRANSACTION
control field 20240606065711.0
008 - FIXED-LENGTH DATA ELEMENTS--GENERAL INFORMATION
fixed length control field 240606b |||||||| |||| 00| 0 eng d
020 ## - INTERNATIONAL STANDARD BOOK NUMBER
International Standard Book Number 9716856431
040 ## - CATALOGING SOURCE
Original cataloging agency DWCL-Main lib.
Transcribing agency OC
082 ## - DEWEY DECIMAL CLASSIFICATION NUMBER
Classification number Fil. 499.211 AL348 2005
006 - FIXED-LENGTH DATA ELEMENTS--ADDITIONAL MATERIAL CHARACTERISTICS
fixed length control field a
100 ## - MAIN ENTRY--PERSONAL NAME
Personal name ALCARAZ , CID V.
245 ## - TITLE STATEMENT
Title Filipino 1 : komunikasyon sa akademikong Filipino /
260 ## - PUBLICATION, DISTRIBUTION, ETC.
Place of publication, distribution, etc. Q.C. :
Name of publisher, distributor, etc. Lorimar Publishing,
Date of publication, distribution, etc. c2005.
300 ## - PHYSICAL DESCRIPTION
Other physical details 137 p . ;
Dimensions 25 cm.
700 ## - ADDED ENTRY--PERSONAL NAME
Personal name CID V. ALCARAZ
942 ## - ADDED ENTRY ELEMENTS (KOHA)
Source of classification or shelving scheme Dewey Decimal Classification
Suppress in OPAC No
Koha item type Book-Filipiniana
Call number prefix Fil.
Holdings
Withdrawn status Lost status Source of classification or shelving scheme Damaged status Not for loan Home library Current library Shelving location Date acquired Source of acquisition Total Checkouts Full call number Barcode Date last seen Copy number Price effective from Koha item type Uniform Resource Identifier Cost, normal purchase price
    Dewey Decimal Classification     College Library College Library Filipiniana 06/28/2005 School Fund   Fil. 499.211 AL348 2005 42041 06/06/2024 c1 06/06/2024 Book-Filipiniana  
    Dewey Decimal Classification     College Library College Library Filipiniana 06/28/2005 School Fund   Fil. 499.211 AL348 2005 42043 06/06/2024 c2 06/06/2024 Book-Filipiniana 160.00
    Dewey Decimal Classification     College Library College Library Filipiniana 10/31/2013 School Fund   Fil. 499.211 AL348 2005 50364 06/06/2024 c3 06/06/2024 Book-Filipiniana  
    Dewey Decimal Classification     College Library College Library Filipiniana 05/12/2014 School Fund   Fil. 499.211 AL348 2005 50809 06/06/2024 c4 06/06/2024 Book-Filipiniana